Shalat Rasulullah

Bibliographic Details
Format: Book
Published: Kuala Lumpur : Progressive Publishing House , 1992
Subjects:

MARC

LEADER 00000cam a2200000 7i4500
001 0000005129
002 000005539
005 20091006.0
020 |a 9839736027 
090 0 0 |a 297.52   |b SHA 
245 0 0 |a Shalat Rasulullah   |c Susunan oleh Mustaffa Suhaimi 
260 |a Kuala Lumpur :   |b Progressive Publishing House ,   |c 1992 
300 |a 163p. ;   |c 20cm. 
650 0 0 |a Shalat (Prayers) 
999 |a 033972   |b BUKU   |c PINJAMAN   |e PERPUSTAKAAN KOMUNITI PETALING JAYA